Rasové zákonodarstvo a jeho realizácia na Slovensku 1939-1945 so súborom historických prameňov

Bibliographic Details
Main Author: Hubenák, Ladislav, 1928-2018 (Author)
Format: Book
Language:Slovak
Czech
PhysicalDescription:89 s. ilustr., sch. 29 cm
Published: Bratislava Metodicko-pedagogické centrum Bratislavského kraja 2006
ISBN:8071644048
Edition:1. vyd.
Subjects:

MARC

LEADER 00000nam a2200000 a 4500
001 vtls008698235
003 SK-MaSNL
005 20260426002125.0
008 240315s2006 xo al f 000 0 slo
015 |a SNBA2006/06-03033 
020 |a 8071644048  |q (brož.) 
035 |a 3661328C-62E1-49F9-A1EC-DD1DBA176422 
035 |a urn:nbn:sk:snk-amluzf 
035 |a urn:nbn:sk:snk-am00cd33 
040 |a SNK  |b slo  |c SNK  |e AACR2 
041 0 |a slo  |a cze 
043 |a e-xo--- 
044 |a xo  |c SK 
044 |a xo  |c SK  |c SK 
072 7 |a 323  |x Vnútropolitický vývoj, politický život  |2 konspekt 
080 |a 323.12(=411.16)  |2 2001 
080 |a 342.537.3/.5  |2 2001 
080 |a (048.8)  |2 2001 
080 |a 323.14:314.113  |2 2001 
080 |a 323.14  |2 2001 
080 |a (437.6)  |2 2001 
100 1 |a Hubenák, Ladislav,  |d 1928-2018  |4 aut  |9 86296 
245 1 0 |a Rasové zákonodarstvo a jeho realizácia na Slovensku 1939-1945 so súborom historických prameňov  |c Ladislav Hubenák 
250 |a 1. vyd. 
260 |a Bratislava  |b Metodicko-pedagogické centrum Bratislavského kraja  |c 2006 
300 |a 89 s.  |b ilustr., sch.  |c 29 cm 
500 |a Vyd. v spolupráci s Učiteľským neinvestičným fondom 
504 |a Bibliogr. s. 89 
546 |a Čiast. text čes. 
648 7 |a 1939-1945  |2 SNKPH  |9 281648 
650 0 7 |a rasová politika  |2 SNKPH  |9 4657 
650 0 7 |a rasizmus  |2 SNKPH  |9 4585 
650 0 7 |a antisemitizmus  |2 SNKPH  |9 4246 
650 0 7 |a zákonodarstvo  |2 SNKPH  |9 1153 
651 7 |a Slovensko  |2 SNKPH  |9 14231 
655 7 |a štúdie  |2 SNKPH  |9 57033 
919 |a 80-7164-404-8 
999 |c 910388  |d 912318 
952 |a SNK  |b SNK  |y VYP  |7 0  |p 17A0508057  |o snkSB 72208 D1  |i snk2006/9169  |8 0  |0 0  |1 0  |4 0  |d 2006-05-04  |l 0  |r 2016-06-30 00:00:00  |w 2026-02-24 
952 |a SNK  |b SNK  |y PREZ  |7 0  |p 17A0508058  |o snkSB 72208  |i snk2006/9168  |8 0  |0 0  |1 0  |4 0  |d 2006-05-04  |f 1  |l 0  |r 2025-04-25 00:00:00  |w 2026-02-24